000 00336pam a2200157a 44500
008 230515b1964 xxu||||| |||| 00| 0 eng d
020 _aNULL
041 _aENGLISH
082 _a630
100 _a4872-1968
245 _aSIZES FOR PLANNING MACHINES
250 _a0
260 _aDELHI
_bISI
_c1964
300 _a12
650 _aNULL
999 _c652129
_d652129